Africa at the millemium (Record no. 1435304)

MARC details
000 -LEADER
fixed length control field 00600nam a22001937a 4500
005 - DATE AND TIME OF LATEST TRANSACTION
control field 20250910144931.0
008 - FIXED-LENGTH DATA ELEMENTS--GENERAL INFORMATION
fixed length control field 250910b |||||||| |||| 00| 0 eng d
037 ## - SOURCE OF ACQUISITION
Terms of availability TB
040 ## - CATALOGING SOURCE
Original cataloging agency CL
Transcribing agency CL
041 ## - LANGUAGE CODE
Source of code Eng
Language code of text/sound track or separate title Eng
245 ## - TITLE STATEMENT
Title Africa at the millemium
Remainder of title : An agenda for nature development
260 ## - PUBLICATION, DISTRIBUTION, ETC.
Place of publication, distribution, etc. New York
Name of publisher, distributor, etc. Palgrave
Date of publication, distribution, etc. 2000
300 ## - PHYSICAL DESCRIPTION
Extent XII,294p.
365 ## - TRADE PRICE
Price amount 52.50
Currency code USD
700 ## - ADDED ENTRY--PERSONAL NAME
Personal name Bakut, Bakut Ishwah
Relator term Editor
9 (RLIN) 821008
700 ## - ADDED ENTRY--PERSONAL NAME
Personal name Dutt, Sagarika
Relator term Editor.
9 (RLIN) 821009
942 ## - ADDED ENTRY ELEMENTS (KOHA)
Source of classification or shelving scheme Colon Classification (CC)
Koha item type Textbook
Suppress in OPAC No
Holdings
Withdrawn status Lost status Source of classification or shelving scheme Damaged status Not for loan Home library Current library Date acquired Source of acquisition Cost, normal purchase price Inventory number Total Checkouts Barcode Date last seen Price effective from Koha item type
    Colon Classification (CC)     Central Library Central Library 2025-09-10 Knowledge World 52.50 006 & 2003-04-09   CL1210707 2025-09-10 2025-09-10 Textbook
Copyright @ Delhi University Library System